000 00505nam a2200181Ia 4500
008 100920s9999 xx 000 0 und d
082 _b80014
_a--- न 00
100 _aमाने लक्ष्मण.
245 _aउपरा.
260 _bग्रंथाली, मुंबई 4.
_c2000
300 _a154
_bसाधी
365 _b80
520 _aकादंबरी.
630 _aउपरा.
650 _aकादंबरी.
730 _aउपरा.
942 _cBOOK
999 _c720959
_d720956